| 000 | 00420nam a2200121Ia 4500 | ||
|---|---|---|---|
| 008 | 220615s9999||||xx |||||||||||||| ||und|| | ||
| 245 | 0 |
_aTuberculosis _bCurrent Issues in Diagnosis and Management |
|
| 546 | _aEnglish[eng] | ||
| 650 | _aInfectious & contagious diseases | ||
| 700 | _aMahboub, Bassam H.||Vats, Mayank G. | ||
| 856 | _uhttps://mts.intechopen.com/storage/books/3436/authors_book/authors_book.pdf | ||
| 942 | _cEB | ||
| 999 |
_c8900 _d8900 |
||